Statistiken für Filme erraten mit Bildern - Die 50 besten Filme

Klicken Sie hier um das Quiz zu spielen!

Allgemein

  • Dieses Quiz wurde 2.225 mal gespielt
  • Das Durchschnittsergebnis liegt bei 24 aus 50

Antwortstatistiken

Antwort% Korrekt
Der Herr der Ringe - Die Gefährten
97%
Der Herr der Ringe - Die Rückkehr des Königs
97%
Der Herr der Ringe - Die zwei Türme
97%
Star Wars - Das Imperium schlägt zurück
97%
Star Wars Episode IV
97%
Der König der Löwen
96%
Spider-Man : Across the Spider-Verse
93%
Matrix
89%
Forrest Gump
83%
Der Pate
77%
Der Pate II
77%
Terminator 2
77%
Ziemlich beste Freunde
76%
Gladiator
74%
Inception
74%
Interstellar
72%
Zurück in die Zukunft
71%
The Dark Knight
67%
Fight Club
62%
Pulp Fiction
62%
Oppenheimer
59%
Schindlers Liste
59%
Das Schweigen der Lämmer
56%
The Green Mile
54%
Der Soldat James Ryan
49%
Die Verurteilten
43%
Sieben
41%
Chihiros Reise ins Zauberland
38%
Der Pianist
35%
American History X
34%
Léon - Der Profi
34%
Parasite
28%
GoodFellas
27%
Casablanca
25%
Psycho
24%
Die zwölf Geschworenen
23%
Whiplash
21%
Departed - Unter Feinden
20%
Einer flog über das Kuckucksnest
16%
Prestige - Meister der Magie
16%
Die üblichen Verdächtigen
14%
Das Leben ist schön
12%
Zwei glorreiche Halunken
11%
City of God
9%
Die sieben Samurai
9%
Die letzten Glühwürmchen
8%
Ist das Leben nicht schön?
8%
Cinema Paradiso
5%
Moderne Zeiten
5%
Harakiri
2%

Verteilung der Resultate

Perzentil nach korrekt beantworteten Fragen

Anzahl Personen mit jedem Resultat

Ihre Resultats-Entwicklung

Sie haben dieses Quiz noch nicht gespielt